Mobile libraries and other public library transport / (Record no. 910)
[ view plain ]
| 000 -LEADER | |
|---|---|
| fixed length control field | 00883nam a2200253 a 4500 |
| 001 - CONTROL NUMBER | |
| control field | 910 |
| 003 - CONTROL NUMBER IDENTIFIER | |
| rucl marc code | BD-RjUL |
| 005 - DATE AND TIME OF LATEST TRANSACTION | |
| control field | 20211208233239.0 |
| 008 - FIXED-LENGTH DATA ELEMENTS--GENERAL INFORMATION | |
| fixed length control field | 131124s1967 enkabef b 000 0 eng d |
| 035 ## - SYSTEM CONTROL NUMBER | |
| System control number | (BD-RjUL)932 |
| 040 ## - CATALOGING SOURCE | |
| Original cataloging agency | DLC |
| Transcribing agency | DLC |
| Modifying agency | DLC |
| -- | BD-RjUL |
| Language of cataloging | eng |
| 041 ## - LANGUAGE CODE | |
| Language code of text/sound track or separate title | eng |
| 082 00 - DEWEY DECIMAL CLASSIFICATION NUMBER | |
| Classification number | 027.4 |
| Edition number | 21 |
| Author mark and year | EAM 1967 |
| 100 1# - MAIN ENTRY--PERSONAL NAME | |
| Personal name | Eastwood, Charles Ronald. |
| 9 (RLIN) | 2700 |
| 245 10 - TITLE STATEMENT | |
| Title | Mobile libraries and other public library transport / |
| Statement of responsibility, etc. | C. R. Eastwood. |
| 260 ## - PUBLICATION, DISTRIBUTION, ETC. (IMPRINT) | |
| Place of publication, distribution, etc. | London, |
| Name of publisher, distributor, etc. | Association of Assistant Librarians, |
| Date of publication, distribution, etc. | c1967. |
| 300 ## - PHYSICAL DESCRIPTION | |
| Pagination | 272 p. : |
| Illustrations | 9 plates (incl. map), plans, tables. ; |
| Size | 23 cm. |
| 504 ## - BIBLIOGRAPHY, ETC. NOTE | |
| Bibliography, etc | Bibliography: p. 255-263. |
| 650 #0 - SUBJECT ADDED ENTRY--TOPICAL TERM | |
| Topical term or geographic name as entry element | Bookmobiles. |
| 9 (RLIN) | 2701 |
| 856 42 - ELECTRONIC LOCATION AND ACCESS | |
| Materials specified | Worldcat Details |
| Uniform Resource Identifier | <a href="http://www.worldcat.org/title/mobile-libraries-and-other-public-library-transport/oclc/853319&referer=brief_results">http://www.worldcat.org/title/mobile-libraries-and-other-public-library-transport/oclc/853319&referer=brief_results</a> |
| 942 ## - ADDED ENTRY ELEMENTS (KOHA) | |
| Source of classification or shelving scheme | Dewey Decimal Classification |
| Koha item type | Books |
| Lost status | Source of classification or shelving scheme | Damaged status | Not for loan | Collection code | Permanent Location | Current Location | Shelving location | Date acquired | Source of acquisition | Cost, normal purchase price | Total Checkouts | Full call number | Date last seen | Copy number | Koha item type |
|---|---|---|---|---|---|---|---|---|---|---|---|---|---|---|---|
| Dewey Decimal Classification | Not For Loan | Non-fiction | Central Library, University of Rajshahi | Central Library, University of Rajshahi | Reading Room | 29/12/1970 | Swels & Zeit | 54.00 | 027.4 EAM 1967 | 23/11/2013 | C-1 | Books |